Linear multivariable control theory (Record no. 12414)

000 -LEADER
fixed length control field 00538nam a22002057a 4500
001 - CONTROL NUMBER
control field 12414
003 - CONTROL NUMBER IDENTIFIER
control field BD-DhUET
008 - FIXED-LENGTH DATA ELEMENTS--GENERAL INFORMATION
fixed length control field 150225s1981 ii a|||| |||| 001 0 eng d
020 ## - INTERNATIONAL STANDARD BOOK NUMBER
International Standard Book Number 0074515128
040 ## - CATALOGING SOURCE
Transcribing agency 0
Modifying agency BD-DhUET
082 ## - DEWEY DECIMAL CLASSIFICATION NUMBER
Classification number 629.432
Item number APT/1981
100 ## - MAIN ENTRY--PERSONAL NAME
Personal name Apte Y. S.
245 ## - TITLE STATEMENT
Title Linear multivariable control theory
250 ## - EDITION STATEMENT
Edition statement 1st ed.
260 ## - PUBLICATION, DISTRIBUTION, ETC. (IMPRINT)
Place of publication, distribution, etc. New Delhi
Name of publisher, distributor, etc. Tata McGraw-Hill
Date of publication, distribution, etc. 1981
300 ## - PHYSICAL DESCRIPTION
Extent xii, 164 p.
Other physical details ill.
Dimensions 25 cm.
504 ## - BIBLIOGRAPHY, ETC. NOTE
Bibliography, etc Includes bibliographies
650 #0 - SUBJECT ADDED ENTRY--TOPICAL TERM
Topical term or geographic name as entry element Multivariable control theory
942 ## - ADDED ENTRY ELEMENTS (KOHA)
Koha item type General Book
Holdings
Koha normalized classification for sorting Location (home branch) Lost status Koha full call number Not for loan Copy number Piece designation (barcode) Sublocation or collection (holding branch) Date acquired Koha item type Source of classification or shelving scheme Price effective from Damaged status Withdrawn status Shelving location Koha date last seen
629_432000000000000_APT_1981Central Library, BUET 629.432/APT/1981 158424Central Library, BUET2015-02-25General Book 2015-02-25  Circulation section2015-02-25
629_432000000000000_APT_1981Central Library, BUET 629.432/APT/1981 258428Central Library, BUET2015-02-25General Book 2015-02-25  Cataloging section2015-02-25
629_432000000000000_APT_1981Central Library, BUET 629.432/APT/1981 358427Central Library, BUET2015-02-25General Book 2015-02-25  Circulation section2015-02-25
629_432000000000000_APT_1981Central Library, BUET 629.432/APT/1981 458426Central Library, BUET2015-02-25General Book 2015-02-25  Circulation section2015-02-25
629_432000000000000_APT_1981Central Library, BUET 629.432/APT/1981 558425Central Library, BUET2015-02-25General Book 2015-02-25  Circulation section2015-02-25
629_432000000000000_APT_1981Central Library, BUET 629.432/APT/1981 658422Central Library, BUET2015-02-25General Book 2015-02-25  Circulation section2015-02-25
629_432000000000000_APT_1981Central Library, BUET 629.432/APT/1981 758423Central Library, BUET2015-02-25General Book 2015-02-25  Circulation section2015-02-25
629_432000000000000_APT_1981Central Library, BUET 629.432/APT/1981 8 58420Central Library, BUET2015-05-07General Book 2015-05-07  Circulation section2015-05-07